Wwe Quiz Stats

 Plays Quiz not verified by Sporcle

Challenge
Share
Tweet
Embed
Score 0/20 Timer 10:00
0 Plays Today
Hint Answer % Correct
randy ortonrko
86.8%
hbksweet chin music
81.5%
edgespear
81.5%
kanechoke slam
80.3%
tripple hpedigree
77.8%
hulk hoganleg drop
74.1%
the rock peoples elbow
72.5%
stone cold steve austinstone cold stunner
70.8%
brett hart sharp shooter
69.2%
cm punkgo to sleep
69.2%
Hint Answer % Correct
the undertakerTombstone Piledriver
66%
chris jerichoWalls of Jericho
66%
john cenaattitude adjustment
65.5%
christanKillswitch
56%
kurt angleThe Ankle Lock
53.2%
the big showKO Punch
53%
rob van damThe Five Star Frog Splash
48.4%
jblThe Clothesline From Hell
41%
mick foleymandible claw
39.1%
booker tHarlem Houston
2.5%

You're not logged in!

Compare scores with friends on all Sporcle quizzes.
OR
Log In

You Might Also Like...

Show Comments

Extras

Created Dec 13, 2013ReportNominate
Tags:WWE Quiz

Top Quizzes Today


Score Distribution

Your Account Isn't Verified!

In order to create a playlist on Sporcle, you need to verify the email address you used during registration. Go to your Sporcle Settings to finish the process.

Report this User

Report this user for behavior that violates our Community Guidelines.

Details: